[Event "Tourn. n8003"]
[Site "www.chess-mail.com"]
[Date "2015.03.14"]
[Round "1"]
[White "Albertf"]
[Black "Genius9"]
[WhiteElo "1620"]
[BlackElo "1400"]
[Result "1/2-1/2"]
[Round "1"]
1.d4 Ng8f6
2.c4 g6
3.e3 d6
4.Nb1c3 Bf8g7
5.Ng1f3 O-O
6.Bf1d3 Nb8d7
7.O-O e5
8.dxe5 Nd7xe5
9.Nf3xe5 dxe5
10.Nc3e4 Nf6xe4
11.Bd3xe4 c6
12.b3 Bc8e6
13.Bc1b2 f5
14.Be4c2 Qd8e7
15.a4 f4
16.exf4 exf4
17.Bb2xg7 Kxg7
18.Rf1e1 Qe7f7
19.Qd1d4 Qf7f6
20.Qd4xf6 Kxf6
21.Re1e2 Be6f5
22.Bc2xf5 Kxf5
23.Ra1e1 Rf8f7
24.f3 Ra8d8
25.b4 Rd8d7
{ draw }
1/2-1/2

[Event "Tourn. n8023"]
[Site "www.chess-mail.com"]
[Date "2015.03.14"]
[Round "1"]
[White "Amu92"]
[Black "Maredocla"]
[WhiteElo "2140"]
[BlackElo "2030"]
[Result "0-1"]
[Round "1"]
1.d4 g6
2.e4 e6
3.Bf1d3 Bf8g7
4.Ng1e2 b6
5.O-O Bc8b7
6.Bc1e3 c5
7.c3 c4
8.Bd3c2 Ng8f6
9.Ne2g3 h5
10.e5 Nf6d5
11.Ng3e4 O-O
12.Be3g5 Qd8c7
13.Ne4f6 Nd5xf6
14.exf6 Bg7h8
15.Qd1d2 e5
 { time }
0-1

[Event "Tourn. n8050"]
[Site "www.chess-mail.com"]
[Date "2015.03.14"]
[Round "1"]
[White "Bojan"]
[Black "Colchester"]
[WhiteElo "2040"]
[BlackElo "1850"]
[Result "0-1"]
[Round "1"]
1.c4 c5
2.b3 Nb8c6
3.Bc1b2 e5
4.e3 d6
5.Nb1c3 Ng8f6
6.Bf1d3 Bf8e7
7.Ng1e2 O-O
8.Qd1c2 Nc6b4
9.Qc2b1 Nb4xd3
10.Qb1xd3 Bc8e6
11.Nc3e4 Nf6xe4
12.f3 Ne4f6
13.Ne2c3 a6
14.O-O-O Qd8c7
15.g4 Rf8b8
16.Rd1g1 Qc7a5
17.a3 b5
18.Nc3d5 Be6xd5
19.cxd5 c4
20.bxc4 bxc4
21.Qd3e2 Qa5xd5
22.e4 Qd5b5
23.d3 cxd3
24.Qe2d2 Rb8c8
25.Kb1 Rc8c2
{ resign }
0-1

[Event "Tourn. n8107"]
[Site "www.chess-mail.com"]
[Date "2015.03.14"]
[Round "1"]
[White "4knights"]
[Black "Neo"]
[WhiteElo "1690"]
[BlackElo "1730"]
[Result "1-0"]
[Round "1"]
1.d4 d5
2.c4 dxc4
3.Ng1f3 b5
4.e4 c6
5.Bf1e2 a6
6.O-O e6
7.a4 Bf8e7
8.axb5 cxb5
9.Bc1d2 Ng8f6
10.Bd2a5 Qd8d7
11.e5 Nf6d5
12.Nb1c3 Nd5xc3
13.bxc3 O-O
14.Qd1d2 h6
15.Rf1d1 Bc8b7
16.Qd2e3 Nb8c6
17.Ba5b6 Bb7c8
18.Bb6c5 Be7xc5
19.dxc5 Qd7c7
20.Rd1d6 Nc6a5
21.Nf3d2 Rf8d8
22.Be2f3 Ra8a7
23.Nd2e4 Na5b3
24.Ra1d1 Rd8e8
25.Ne4f6 gxf6
26.exf6 Nb3xc5
27.Qe3xh6 Bc8b7
28.Qh6g7 
1-0

[Event "Tourn. n8080"]
[Site "www.chess-mail.com"]
[Date "2015.03.14"]
[Round "1"]
[White "Mrbabu"]
[Black "Libiesse"]
[WhiteElo "2010"]
[BlackElo "1980"]
[Result "1-0"]
[Round "1"]
1.e4 c5
2.Ng1f3 e6
3.d4 cxd4
4.Nf3xd4 Nb8c6
5.Nb1c3 Bf8b4
6.Qd1d3 Qd8c7
7.Bc1d2 Ng8f6
8.f3 Nc6e5
9.Qd3e2 O-O
10.a3 Bb4c5
11.Nd4b3 Bc5e7
12.f4 Ne5c6
13.O-O-O a6
14.g4 h6
15.h4 Nf6h7
16.g5 e5
17.gxh6 g6
18.f5 Qc7d8
19.Qe2g2 g5
20.hxg5 Be7xg5
21.Bd2xg5 Nh7xg5
22.Bf1c4 b5
23.Bc4d5 Bc8b7
24.Rd1g1 Kh7
25.Qg2xg5 Qd8xg5
26.Rg1xg5 { resign }
1-0

[Event "Tourn. n8093"]
[Site "www.chess-mail.com"]
[Date "2015.03.14"]
[Round "1"]
[White "Georgepapi"]
[Black "Generalfree"]
[WhiteElo "1980"]
[BlackElo "1830"]
[Result "1-0"]
[Round "1"]
1.e4 c5
2.Ng1f3 e6
3.d4 Nb8c6
4.Nb1c3 cxd4
5.Nf3xd4 Nc6xd4
6.Qd1xd4 Qd8f6
7.Bc1e3 Qf6xd4
8.Be3xd4 f6
9.e5 f5
10.Nc3b5 Kd8
11.Nb5xa7 g5
12.Bd4b6 Ke8
13.Na7b5 Bf8b4
14.c3 Bb4xc3
15.Nb5xc3 Ng8e7
16.O-O-O Kf7
17.Bf1b5 Ne7g6
18.Rh1e1 Ng6f4
19.g3 Nf4h3
20.Bb5xd7 Ra8a6
21.Bb6e3 { resign }
1-0

[Event "Tourn. n8053"]
[Site "www.chess-mail.com"]
[Date "2015.03.14"]
[Round "1"]
[White "Falcoale"]
[Black "Blackpool"]
[WhiteElo "1840"]
[BlackElo "1940"]
[Result "1/2-1/2"]
[Round "1"]
1.e4 c6
2.d4 d5
3.Nb1c3 g6
4.e5 Bf8g7
5.Ng1f3 Bc8g4
6.h3 Bg4xf3
7.Qd1xf3 e6
8.Bc1e3 Ng8e7
9.Be3g5 Qd8c7
10.b4 O-O
11.Bf1d3 a5
12.bxa5 Ra8xa5
13.O-O Ne7f5
14.Bg5e3 Nf5xe3
15.Qf3xe3 Nb8d7
16.a4 Rf8a8
17.f4 b5
18.Nc3e2 Ra5xa4
19.Ra1c1 Nd7b6
20.Qe3f3 Nb6c4
21.Bd3xc4 bxc4
22.c3 Ra4a2
{ draw }
1/2-1/2

[Event "Tourn. n7973"]
[Site "www.chess-mail.com"]
[Date "2015.03.14"]
[Round "1"]
[White "Libiesse"]
[Black "Generalfree"]
[WhiteElo "2030"]
[BlackElo "1880"]
[Result "1-0"]
[Round "1"]
1.d4 Ng8f6
2.c4 d5
3.Ng1f3 c6
4.cxd5 cxd5
5.Nb1c3 Bc8g4
6.e3 e6
7.Bf1e2 Bf8b4
8.Qd1c2 Nb8c6
9.a3 Bb4d6
10.O-O a6
11.b4 b5
12.h3 Bg4f5
13.Be2d3 Bf5xd3
14.Qc2xd3 g6
15.Bc1b2 Qd8d7
16.Rf1c1 Ra8c8
17.Rc1c2 h6
18.Ra1c1 g5
19.Nc3xb5 axb5
20.Qd3xb5 Ke7
21.Rc2xc6 Rc8b8
22.Qb5a4 Rb8a8
23.Qa4c2 Nf6e8
24.Nf3e5 Bd6xe5
25.dxe5 Ra8a7
26.Qc2c5 { resign }
1-0

[Event "Tourn. n8068"]
[Site "www.chess-mail.com"]
[Date "2015.03.14"]
[Round "1"]
[White "Jjmcbride"]
[Black "Colchester"]
[WhiteElo "1790"]
[BlackElo "1860"]
[Result "0-1"]
[Round "1"]
1.e4 e5
2.Ng1f3 Nb8c6
3.d4 exd4
4.Nf3xd4 Bf8c5
5.c3 d6
6.Bf1b5 Bc8d7
7.Qd1f3 Ng8f6
8.Qf3d3 Qd8e7
9.f3 Nc6e5
10.Bb5xd7 Qe7xd7
11.Qd3e2 O-O
12.Nd4f5 Rf8e8
13.Bc1e3 Bc5xe3
14.Nf5xe3 d5
15.exd5 Nf6xd5
16.Nb1d2 Nd5xe3
17.Nd2e4 Ne5d3
18.Qe2xd3 Qd7xd3
19.Kf2 Re8xe4
20.Rh1e1 Re4e6
{ resign }
0-1

[Event "Tourn. n8063"]
[Site "www.chess-mail.com"]
[Date "2015.03.14"]
[Round "1"]
[White "Julian"]
[Black "Gorgo"]
[WhiteElo "2000"]
[BlackElo "2009"]
[Result "0-1"]
[Round "1"]
1.e4 e5
2.Ng1f3 Nb8c6
3.c3 d5
4.exd5 Qd8xd5
5.d3 Bc8f5
6.Bf1e2 O-O-O
7.O-O Bf5xd3
8.Be2xd3 Qd5xd3
9.Qd1xd3 Rd8xd3
10.Bc1e3 f5
11.Nb1a3 Bf8xa3
12.bxa3 Ng8f6
13.Rf1d1 Rh8d8
14.Rd1xd3 Rd8xd3
15.h3 f4
16.Be3c5 Nf6d7
17.Bc5b4 a5
18.Nf3e1 Rd3d2
19.Ne1f3 Rd2c2
20.c4 axb4
21.axb4 Nc6xb4
22.a3 Nb4d3
23.Nf3e1 Nd3xe1
24.Ra1xe1 Rc2xc4
25.g3 fxg3
26.fxg3 Rc4c3
27.Kg2 Rc3xa3
28.Re1f1 b5
29.Rf1f7 b4
30.Rf7xg7 b3
31.Rg7xh7 b2
{ resign }
0-1

[Event "Tourn. n8103"]
[Site "www.chess-mail.com"]
[Date "2015.03.14"]
[Round "1"]
[White "Maredocla"]
[Black "Faerieking"]
[WhiteElo "2040"]
[BlackElo "2160"]
[Result "0-1"]
[Round "1"]
1.f4 e5
2.fxe5 d6
3.exd6 Bf8xd6
4.Ng1f3 g5
5.g3 g4
6.Nf3h4 Ng8e7
7.c3 Ne7g6
8.Qd1a4 Bc8d7
9.Qa4e4 Kf8
10.Nh4xg6 hxg6
11.d4 f5
12.d5 fxe4
{ resign }
0-1

[Event "Tourn. n7925"]
[Site "www.chess-mail.com"]
[Date "2015.03.14"]
[Round "1"]
[White "Fanny33"]
[Black "Seger"]
[WhiteElo "2680"]
[BlackElo "2660"]
[Result "1/2-1/2"]
[Round "1"]
1.e4 d5
2.exd5 Qd8xd5
3.Nb1c3 Qd5d8
4.Ng1f3 Ng8f6
5.Bf1c4 e6
6.d4 Bf8e7
7.O-O O-O
8.Rf1e1 c5
9.dxc5 Qd8xd1
10.Re1xd1 Be7xc5
11.Bc1f4 Nb8c6
12.Bf4d6 Bc5xd6
13.Rd1xd6 Bc8d7
14.Ra1d1 Rf8d8
15.Nc3b5 a6
16.Nb5d4 Rd8c8
17.Nd4xc6 Bd7xc6
18.Nf3e5 Kf8
19.Rd6d4 Bc6e4
20.c3 Rc8c5
21.f4 b5
22.Bc4e2 Be4d5
23.a4 bxa4
24.c4 Bd5b7
25.Rd1a1 Ke7
26.Ra1xa4 a5
27.Ra4a3 Rc5c7
28.Ra3d3 h6
29.h4 Bb7e4
30.Rd3a3 Be4b7
31.Ra3d3 Bb7e4
32.Rd3a3 Be4b7
33.Ra3g3 g6
34.Rg3d3 h5
35.Be2d1 Bb7e4
36.Rd3a3 Be4b7
37.Ra3d3 Bb7e4
38.Rd3a3 Be4b7
39.g3 Nf6e4
40.Bd1c2 Ne4c5
41.b3 Nc5d7
42.Ne5xd7 Rc7xd7
43.Rd4xd7 Kxd7
44.Kf2 Kd6
45.Ke3 Kc5
46.Kd3 Kb6
47.Kd4 Ra8d8
48.Kc3 { draw }
1/2-1/2

[Event "Tourn. n7900"]
[Site "www.chess-mail.com"]
[Date "2015.03.14"]
[Round "1"]
[White "Asoka"]
[Black "Pgcbies"]
[WhiteElo "2650"]
[BlackElo "2740"]
[Result "0-1"]
[Round "1"]
1.e4 c6
2.d4 d5
3.e5 Bc8f5
4.Ng1f3 e6
5.Bf1e2 Ng8e7
6.O-O Nb8d7
7.Nb1c3 Bf5g4
8.Bc1g5 h6
9.Bg5e3 Ne7f5
10.Be2d3 c5
11.Bd3xf5 Bg4xf5
12.dxc5 Bf8xc5
13.Be3xc5 Nd7xc5
14.Qd1d4 Nc5e4
15.Nc3d1 O-O
16.Nd1e3 Bf5g6
17.Rf1d1 Bg6h5
18.c4 Ne4g5
19.Nf3xg5 Bh5xd1
20.Ng5xf7 Kxf7
21.Ra1xd1 Qd8b6
22.Qd4g4 Qb6xb2
23.cxd5 Kg8
24.f4 Qb2a3
25.Qg4f3 Ra8d8
26.Qf3e4 Qa3xa2
27.f5 exd5
28.Ne3xd5 Rd8xd5
29.Rd1xd5 Qa2a1
30.Kf2 Rf8xf5
31.Kg3 Qa1a3
32.Kg4 Rf5g5
33.Kf4 Qa3c1
34.Kf3 Qc1f1
35.Ke3 Qf1g1
36.Kd3 Qg1b6
37.Ke2 Rg5g6
38.Kf3 Rg6c6
39.g3 Qb6b3
40.Kg2 Qb3c2
41.Qe4xc2 Rc6xc2
42.Kf3 Rc2b2
43.Rd5d8 Kf7
44.Ke4 a5
45.Rd8a8 Rb2b5
46.h3 a4
47.g4 a3
48.Kd4 Rb5b3
49.h4 b5
50.Ra8a7 Ke6
51.Ra7a6 Ke7
52.Ra6a7 Kd8
53.Kc5 b4
54.h5 Rb3b1
55.Kc4 Ke8
56.e6 b3
57.Ra7a8 Ke7
58.Ra8a7 Kxe6
59.Ra7xa3 b2
60.Ra3e3 Kf6
61.Kc3 Kg5
62.Re3e7 Kxg4
63.Re7xg7 Kxh5
64.Rg7g2 Rb1c1
{ resign }
0-1

[Event "Tourn. n8043"]
[Site "www.chess-mail.com"]
[Date "2015.03.14"]
[Round "1"]
[White "Hundegana"]
[Black "Julian"]
[WhiteElo "1920"]
[BlackElo "1950"]
[Result "1-0"]
[Round "1"]
1.e4 c5
2.Bf1c4 e6
3.Ng1f3 d6
4.c3 Ng8f6
5.d3 Nb8c6
6.O-O Bf8e7
7.Nb1d2 O-O
8.Rf1e1 a6
9.a4 Qd8c7
10.Nd2f1 Ra8b8
11.h3 b5
12.axb5 axb5
13.Bc4b3 e5
14.Bc1g5 h6
15.Bg5xf6 Be7xf6
16.Nf1e3 Bc8e6
17.Qd1c2 Rf8d8
18.Ra1a3 Be6xb3
19.Qc2xb3 b4
20.cxb4 Rb8xb4
21.Qb3a2 Qc7b7
22.Re1b1 Nc6d4
23.Nf3xd4 cxd4
24.Ne3d5 Rb4b5
25.Ra3a7 Qb7c6
26.Ra7a6 Qc6c2
27.Ra6a7 Bf6g5
28.Nd5b4 Qc2xb1
29.Qa2xb1 Rb5xb4
30.Qb1a2 d5
31.exd5 Rd8c8
32.d6 Rc8c1
33.Kh2 Bg5f6
34.Qa2xf7 Kh8
35.d7 Rb4xb2
36.d8Q { resign }
1-0

[Event "Tourn. n8043"]
[Site "www.chess-mail.com"]
[Date "2015.03.14"]
[Round "1"]
[White "Julian"]
[Black "Groz"]
[WhiteElo "1950"]
[BlackElo "1809"]
[Result "0-1"]
[Round "1"]
1.e4 g6
2.d4 Bf8g7
3.c4 e6
4.f4 Ng8e7
5.Ng1f3 O-O
6.Nb1c3 d5
7.cxd5 exd5
8.e5 f6
9.Bf1d3 fxe5
10.fxe5 a6
11.O-O Nb8c6
12.Bc1g5 Bc8e6
13.Qd1d2 Qd8d7
14.Nc3e2 Ne7f5
15.Ra1e1 Rf8f7
16.Ne2f4 Nf5xd4
17.Nf3xd4 Nc6xd4
18.Nf4xe6 Nd4xe6
19.Bg5f6 Ra8f8
20.Re1e3 Bg7xf6
21.exf6 Rf7xf6
22.Rf1xf6 Rf8xf6
23.Bd3c2 Qd7f7
24.Qd2e1 c6
25.Re3f3 Rf6xf3
26.gxf3 Ne6g5
27.Qe1e2 Ng5xf3
28.Kh1 Nf3d4
29.Qe2d3 Nd4xc2
30.Qd3xc2 Qf7f1
{ resign }
0-1

[Event "Tourn. n7972"]
[Site "www.chess-mail.com"]
[Date "2015.03.14"]
[Round "1"]
[White "Colchester"]
[Black "Generalfree"]
[WhiteElo "1770"]
[BlackElo "1900"]
[Result "1-0"]
[Round "1"]
1.c4 Ng8f6
2.Nb1c3 c6
3.d4 d5
4.cxd5 Nf6xd5
5.Ng1f3 f6
6.e4 Nd5xc3
7.bxc3 e6
8.Bf1d3 Nb8d7
9.O-O b5
10.a4 b4
11.cxb4 Bf8xb4
12.Qd1b3 Qd8e7
13.d5 cxd5
14.exd5 exd5
15.Qb3xd5 Nd7b6
16.Bd3b5 Bc8d7
17.Bb5xd7 Qe7xd7
18.Qd5b3 Bb4a5
19.Rf1d1 Qd7f5
20.Bc1a3 Nb6d7
21.Rd1d5 Nd7e5
22.Qb3b5 Kf7
23.Nf3xe5 fxe5
24.Rd5xe5 Qf5c2
25.Qb5d5 { resign }
1-0

[Event "Tourn. n8109"]
[Site "www.chess-mail.com"]
[Date "2015.03.14"]
[Round "1"]
[White "Ruko"]
[Black "Generalfree"]
[WhiteElo "1850"]
[BlackElo "1820"]
[Result "1-0"]
[Round "1"]
1.e4 e5
2.Ng1f3 Nb8c6
3.Bf1b5 Ng8e7
4.O-O Nc6d4
5.Nf3xd4 exd4
6.d3 c6
7.Bb5a4 b5
8.Ba4b3 d6
9.Qd1f3 f6
10.Bc1f4 Ne7g6
11.Bf4g3 a5
12.a4 b4
13.Nb1d2 Ng6e5
14.Bg3xe5 dxe5
15.Nd2c4 h5
16.Nc4xe5 c5
17.Ne5f7 Bc8g4
18.Qf3f4 { resign }
1-0

[Event "Tourn. n8058"]
[Site "www.chess-mail.com"]
[Date "2015.03.14"]
[Round "1"]
[White "Naujzaid"]
[Black "Cathar"]
[WhiteElo "2130"]
[BlackElo "2120"]
[Result "1-0"]
[Round "1"]
1.d4 d5
2.c4 dxc4
3.Ng1f3 Ng8f6
4.e3 Bc8g4
5.Bf1xc4 e6
6.O-O Nb8d7
7.Nb1c3 a6
8.a4 Bf8d6
9.e4 e5
10.d5 O-O
11.h3 Bg4h5
12.Bc4e2 Rf8e8
13.Bc1g5 h6
14.Bg5e3 Nd7f8
15.Ra1c1 Bh5xf3
16.Be2xf3 Nf8g6
17.Qd1d2 Nf6h7
18.Nc3e2 Nh7g5
19.Be3xg5 hxg5
20.g3 Qd8f6
21.Bf3g2 Kh7
22.Kh2 Re8h8
23.Ne2g1 Qf6e7
24.Bg2f3 Ng6f8
25.Bf3g4 g6
26.Ng1f3 f6
27.Kg2 Kg7
28.Rf1h1 a5
29.h4 gxh4
30.Rh1xh4 Rh8xh4
31.Nf3xh4 Nf8h7
32.Rc1h1 Ra8h8
33.Bg4e6 Nh7g5
34.Nh4xg6 Kxg6
35.Rh1xh8 Qe7g7
36.Rh8g8 { resign }
1-0

[Event "Match"]
[Site "www.echecsemail.com"]
[Date "2015.03.14"]
[Round "1"]
[White "Reanna"]
[Black "F14"]
[WhiteElo "1610"]
[BlackElo "1599"]
[Result "0-1"]
[Round "1"]
1.c4 e5
2.e4 Ng8f6
3.d3 c6
4.Bf1e2 d5
5.cxd5 cxd5
6.Nb1c3 Bf8e7
7.Ng1f3 Nb8c6
8.O-O O-O
9.a3 dxe4
10.Nc3xe4 Nf6xe4
11.dxe4 Qd8b6
12.b4 Rf8d8
13.Qd1b3 Bc8e6
14.Be2c4 Be6xc4
15.Qb3xc4 Ra8c8
16.Qc4e2 a6
17.Bc1e3 Qb6c7
18.Rf1c1 Qc7d6
19.Be3c5 Qd6f6
20.Bc5xe7 Qf6xe7
21.Ra1a2 Nc6d4
22.Qe2d1 Rc8xc1
23.Qd1xc1 Nd4xf3
24.gxf3 h6
25.Kh1 Qe7f6
26.Qc1g1 Qf6xf3
{ resign }
0-1

[Event "Match"]
[Site "www.echecsemail.com"]
[Date "2015.03.14"]
[Round "1"]
[White "Chtoubidou"]
[Black "Caspito"]
[WhiteElo "1880"]
[BlackElo "1850"]
[Result "1-0"]
[Round "1"]
1.e4 e5
2.Nb1c3 Ng8f6
3.Bf1c4 Nb8c6
4.d3 Bf8b4
5.Ng1e2 O-O
6.O-O b6
7.f4 Bc8b7
8.Bc1d2 d6
9.a3 Bb4xc3
10.bxc3 Nc6a5
11.Bc4a2 Nf6g4
12.h3 Ng4f6
13.c4 Na5c6
14.f5 Nc6a5
15.Bd2xa5 bxa5
16.Ra1b1 Bb7c6
17.Ne2c3 Bc6b7
18.Rb1xb7 a6
19.Nc3d5 Nf6xd5
20.cxd5 Ra8b8
21.Qd1b1 a4
22.Rb7xb8 Qd8xb8
23.Qb1xb8 Rf8xb8
24.Rf1b1 Rb8xb1
25.Ba2xb1 f6
26.c3 g5
27.Bb1c2 Kg7
28.Bc2xa4 h5
29.Kf2 Kh6
30.g4 h4
31.Ke3 Kg7
32.d4 Kf7
33.Ba4c6 Ke7
34.a4 a5
35.Kd3 Kd8
36.Kc4 Kc8
37.Kb5 Kb8
38.Kxa5 Ka7
39.Kb5 { resign }
1-0

[Event "Match"]
[Site "www.echecsemail.com"]
[Date "2015.03.14"]
[Round "1"]
[White "Pare123"]
[Black "Sorren"]
[WhiteElo "1980"]
[BlackElo "1840"]
[Result "1/2-1/2"]
[Round "1"]
1.c4 Ng8f6
2.d4 e6
3.a3 Bf8e7
4.Nb1c3 O-O
5.e4 d6
6.Ng1f3 c5
7.d5 Rf8e8
8.Bf1d3 exd5
9.cxd5 Bc8g4
10.h3 Bg4h5
11.Bc1g5 Qd8b6
12.Nc3a4 Qb6a5
13.Bg5d2 Qa5c7
14.O-O a6
15.Rf1e1 Nb8d7
16.Re1e3 Nd7e5
17.Bd3e2 Ne5xf3
18.Be2xf3 Bh5xf3
19.Qd1xf3 b5
20.Na4c3 Be7f8
21.Nc3e2 g6
22.Bd2c3 Nf6d7
23.Ne2g3 Bf8h6
24.Re3e2 Nd7e5
25.Bc3xe5 Re8xe5
26.Re2c2 Ra8c8
27.b4 c4
28.a4 Re5e8
29.axb5 axb5
30.Ra1a5 Rc8b8
31.Qf3a3 Bh6f4
32.Ra5a7 Rb8b7
33.Ra7xb7 Qc7xb7
34.Rc2e2 Bf4xg3
35.Qa3xg3 Qb7c7
36.Qg3c3 f5
37.f3 Qc7b6
38.Kh2 Qb6a7
39.Qc3f6 Qa7e7
40.Qf6d4 Qe7e5
41.Qd4xe5 Re8xe5
42.g4 fxe4
43.fxe4 c3
44.Kg3 c2
45.Re2xc2 Re5xe4
46.Rc2c6 Re4xb4
47.Rc6xd6 Rb4d4
48.Kf3 Kf7
49.Rd6d7 Kg8
50.Ke3 Rd4d1
51.d6 b4
52.Rd7d8 Kf7
53.Rd8d7 Kg8
54.Ke2 Rd1d5
55.Rd7b7 Rd5xd6
56.Rb7xb4 Rd6c6
57.h4 Rc6c5
58.Rb4b7 Rc5c4
59.Kf3 Rc4c3
60.Kf4 Rc3c4
61.Kg5 Rc4c5
62.Kh6 Rc5c4
63.Rb7xh7 Rc4xg4
64.Rh7g7 Kf8
65.h5 gxh5
66.Rg7g5 Rg4xg5
{ draw }
1/2-1/2

[Event "Match"]
[Site "www.echecsemail.com"]
[Date "2015.03.14"]
[Round "1"]
[White "Harrytheking"]
[Black "Alanocturna"]
[WhiteElo "1690"]
[BlackElo "1580"]
[Result "1-0"]
[Round "1"]
1.c4 g6
2.Nb1c3 Bf8g7
3.Ng1f3 Ng8f6
4.h3 d5
5.e3 O-O
6.Bf1e2 e6
7.c5 Nb8c6
8.a3 d4
9.exd4 Nc6xd4
10.Nf3xd4 Qd8xd4
11.Nc3b5 Qd4xc5
12.b4 Qc5e5
13.Nb5c3 Rf8d8
14.Ra1a2 Nf6e4
15.Nc3xe4 Qe5xe4
16.O-O b6
17.Be2f3 Qe4c4
18.Ra2c2 { resign }
1-0

[Event "Match"]
[Site "www.echecsemail.com"]
[Date "2015.03.14"]
[Round "1"]
[White "Markos123"]
[Black "Menace"]
[WhiteElo "1770"]
[BlackElo "2220"]
[Result "0-1"]
[Round "1"]
1.Nb1c3 d5
2.d4 Ng8f6
3.f3 Bc8f5
4.e3 e6
5.Bf1d3 Bf8b4
6.Bc1d2 Nb8c6
7.Ng1e2 Bf5g6
8.O-O Qd8d6
9.Nc3b5 Qd6d7
10.a3 Bb4xd2
11.Qd1xd2 Bg6xd3
12.Qd2xd3 O-O
13.e4 dxe4
14.fxe4 a6
15.e5 Nf6g4
16.Nb5c3 Ra8d8
17.Ne2f4 Nc6xd4
18.h3 Ng4xe5
19.Ra1d1 Ne5xd3
20.Rd1xd3 c5
21.Rf1d1 Qd7c7
22.g3 b5
23.h4 Nd4f5
24.Kh2 Rd8xd3
25.cxd3 Nf5xh4
26.Kh3 Nh4f5
27.Rd1f1 Rf8d8
28.g4 Rd8xd3
29.Kg2 Nf5e3
30.Kg3 Ne3xf1
31.Kh4 Qc7xf4
32.Nc3e2 Qf4h6
{ resign }
0-1

[Event "Match"]
[Site "www.echecsemail.com"]
[Date "2015.03.14"]
[Round "1"]
[White "Olddog55"]
[Black "Generalfree"]
[WhiteElo "1670"]
[BlackElo "1810"]
[Result "1-0"]
[Round "1"]
1.e4 c5
2.Ng1f3 e6
3.d4 Nb8c6
4.d5 exd5
5.exd5 Nc6e7
6.Bc1e3 b6
7.Bf1c4 Ng8f6
8.d6 Ne7f5
9.Be3f4 Nf6e4
10.Qd1e2 Bc8b7
11.Nf3g5 Bf8xd6
12.Ng5xf7 Kf8
13.Nf7xd8 Bd6xf4
14.Nd8xb7 Ra8e8
15.O-O Nf5d4
16.Qe2g4 Bf4e5
17.Qg4xd7 Ne4g5
18.f4 { resign }
1-0

[Event "Match"]
[Site "www.echecsemail.com"]
[Date "2015.03.14"]
[Round "1"]
[White "Jpmartinez"]
[Black "Schwiizer"]
[WhiteElo "2600"]
[BlackElo "2680"]
[Result "1/2-1/2"]
[Round "1"]
1.d4 Ng8f6
2.c4 e6
3.Nb1c3 Bf8b4
4.e3 O-O
5.Ng1e2 c6
6.a3 Bb4a5
7.Qd1c2 d5
8.Ne2g3 Nb8d7
9.Bf1e2 dxc4
10.Be2xc4 e5
11.O-O exd4
12.exd4 Ba5c7
13.Bc4a2 Nd7b6
14.Rf1d1 h6
15.Rd1e1 Bc8e6
16.Ba2xe6 fxe6
17.Re1xe6 Bc7xg3
18.hxg3 Qd8xd4
19.Bc1f4 Qd4d7
20.Ra1e1 Rf8e8
21.Re6e2 Ra8d8
22.Nc3e4 Nf6xe4
23.Re2xe4 Re8xe4
24.Qc2xe4 Nb6d5
25.Bf4e5 a6
26.Qe4c2 Rd8e8
27.Be5c3 Re8xe1
28.Bc3xe1 Qd7e6
29.Kf1 Kf7
30.Be1d2 Qe6g4
31.Bd2c1 a5
32.b3 Nd5f6
33.Bc1b2 Qg4e4
34.Qc2d1 Qe4f5
35.Kg1 h5
36.f3 b6
37.Qd1e2 Qf5c5
38.Kh2 Qc5d5
39.Qe2c2 c5
40.Kg1 Nf6e8
41.Kh2 b5
42.Bb2a1 b4
43.Qc2c1 Qd5xb3
44.Qc1xc5 bxa3
45.Qc5xh5 Kf8
46.Qh5xa5 { draw }
1/2-1/2

[Event "Match"]
[Site "www.echecsemail.com"]
[Date "2015.03.14"]
[Round "1"]
[White "Generalfree"]
[Black "Budokai"]
[WhiteElo "1710"]
[BlackElo "1499"]
[Result "1-0"]
[Round "1"]
1.e4 Ng8f6
2.e5 Nf6d5
3.c4 Nd5f4
4.d4 e6
5.Bc1xf4 Bf8b4
6.Nb1d2 Qd8h4
7.g3 Qh4e7
8.Ng1f3 Bb4a5
9.Bf1d3 Qe7b4
10.b3 Qb4c3
11.Bd3e4 f6
12.O-O Rh8f8
13.Ra1c1 Qc3b2
14.Nd2b1 fxe5
15.Bf4xe5 Qb2xa2
16.Be5xg7 Rf8f7
17.Bg7e5 Qa2xb3
18.Qd1xb3 d5
19.cxd5 exd5
20.Be4xd5 Bc8f5
21.Bd5xf7 Kf8
22.Nf3g5 Nb8c6
23.Qb3f3 Ba5b6
24.Qf3xf5 Bb6xd4
25.Ng5xh7 Ke7
26.Qf5f6 Kd7
27.Qf6e6 Kd8
28.Qe6e8 { resign }
1-0

[Event "Match"]
[Site "www.echecsemail.com"]
[Date "2015.03.14"]
[Round "1"]
[White "Gambitmiau"]
[Black "Generalfree"]
[WhiteElo "1800"]
[BlackElo "1710"]
[Result "1-0"]
[Round "1"]
1.e4 e5
2.Ng1f3 d6
3.Bf1c4 h6
4.d4 exd4
5.Nf3xd4 c6
6.Qd1f3 Ng8f6
7.h3 Bc8d7
8.a3 b5
9.Bc4a2 c5
10.Nd4f5 Bd7c6
11.Nb1d2 g6
12.Nf5g3 h5
13.O-O c4
14.Qf3e3 Nb8d7
15.a4 a6
16.b3 Nd7e5
17.bxc4 bxa4
18.Bc1b2 h4
19.Ng3e2 Bf8h6
20.f4 Ra8b8
21.Qe3a3 Qd8b6
22.Bb2d4 Qb6a5
23.Qa3xd6 Rb8d8
24.Qd6xf6 { resign }
1-0

[Event "Match"]
[Site "www.echecsemail.com"]
[Date "2015.03.14"]
[Round "1"]
[White "Generalfree"]
[Black "F14"]
[WhiteElo "1790"]
[BlackElo "1890"]
[Result "0-1"]
[Round "1"]
1.e4 e5
2.Ng1f3 Nb8c6
3.Bf1c4 Ng8f6
4.Nf3g5 d5
5.exd5 Nf6xd5
6.Qd1f3 Qd8xg5
7.Bc4xd5 Qg5f6
8.Qf3xf6 gxf6
9.Bd5xc6 bxc6
10.Nb1c3 Bc8f5
11.d3 O-O-O
12.O-O Bf8b4
13.Nc3e4 Bf5xe4
14.dxe4 Rd8d6
15.c3 Bb4c5
16.b4 Bc5b6
17.a4 a5
18.bxa5 Bb6xa5
19.Bc1b2 Rd6d2
20.Ra1b1 Rh8d8
21.h4 Rd8d3
22.c4 Rd3b3
23.Bb2a1 Rb3xb1
24.Rf1xb1 Ba5b6
25.Rb1f1 Rd2c2
26.g3 Rc2xc4
27.Kg2 Rc4xe4
28.Rf1c1 Re4xa4
29.Ba1b2 Ra4a2
30.Bb2xe5 Ra2xf2
31.Kh3 fxe5
32.Rc1xc6 e4
33.Rc6h6 e3
34.Rh6xh7 e2
35.Rh7h8 Kb7
36.Rh8e8 Bb6a5
{ resign }
0-1

[Event "Eq:CONFOEDERATIONIS HELVETICAE-Slap Shot Mates : "]
[Site "www.chess-mail.com"]
[Date "2015.03.14"]
[Round "1"]
[White "Sebolix"]
[Black "Conde7"]
[WhiteElo "2670"]
[BlackElo "2700"]
[Result "0-1"]
[Round "1"]
1.b3 e5
2.Bc1b2 Nb8c6
3.e3 Ng8f6
4.Bf1b5 Bf8d6
5.Nb1a3 e4
6.Ng1e2 Bd6e5
7.Qd1c1 O-O
8.Bb5xc6 Be5xb2
9.Qc1xb2 dxc6
10.Na3c4 Rf8e8
11.h3 c5
12.Ne2c3 Ra8b8
13.a4 c6
14.Nc3e2 Nf6d5
15.O-O b5
16.axb5 cxb5
17.Nc4e5 Qd8c7
18.f4 exf3
19.Ne5xf3 a6
20.Ne2c3 Nd5f6
21.b4 Bc8xh3
22.Nf3g5 Bh3xg2
23.Kxg2 Rb8d8
24.Ra1d1 Rd8d6
25.Rf1f2 h6
26.Ng5f3 Nf6g4
27.Kg1 Ng4xf2
28.Kxf2 Rd6f6
29.Rd1g1 Qc7d6
30.Qb2c1 cxb4
31.Nc3e2 Re8e4
32.Rg1g3 a5
33.Ne2d4 Re4xd4
{ resign }
0-1

[Event "Eq:Equipo Juan Diaz-Los Tercios : "]
[Site "www.chess-mail.com"]
[Date "2015.03.14"]
[Round "1"]
[White "Danquigley"]
[Black "Quetzaltcoal"]
[WhiteElo "2630"]
[BlackElo "2070"]
[Result "1-0"]
[Round "1"]
1.d4 d5
2.c4 e6
3.Ng1f3 Ng8f6
4.g3 Bf8e7
5.Bf1g2 O-O
6.Qd1c2 dxc4
7.Nb1d2 a6
8.Nd2xc4 b5
9.Nc4a5 c5
10.Nf3e5 Nf6d5
11.Na5c6  { time }
1-0

[Event "Eq:CONFOEDERATIONIS HELVETICAE-Los Tercios : "]
[Site "www.chess-mail.com"]
[Date "2015.03.14"]
[Round "1"]
[White "Shihchuliao"]
[Black "Conde7"]
[WhiteElo "2020"]
[BlackElo "2720"]
[Result "0-1"]
[Round "1"]
1.d4 Ng8f6
2.Nb1c3 d5
3.h3 c5
4.e3 e6
5.Bf1b5 Nb8d7
6.Ng1f3 a6
7.Bb5xd7 Bc8xd7
8.Nf3e5 Qd8c7
9.O-O Bd7c8
10.Bc1d2 Bf8d6
11.f4 O-O
12.Qd1f3 b5
13.Ra1c1 b4
14.Nc3e2 Nf6e4
15.Bd2e1 a5
16.c3 Bc8a6
17.cxb4 axb4
18.Qf3g4 Qc7b7
19.Ne2g3 Ba6xf1
20.Ng3xf1 cxd4
21.exd4 Rf8c8
22.Rc1xc8 Qb7xc8
23.Nf1e3 Qc8c1
24.Qg4e2 Bd6xe5
25.fxe5 Ra8xa2
26.Kh2 Ra2xb2
27.Qe2b5 h6
28.Qb5e8 Kh7
29.Qe8xf7 Qc1xe1
30.Qf7xe6 Qe1g3
31.Kg1 Qg3xe3
{ resign }
0-1

[Event "Tourn. n8029"]
[Site "www.chess-mail.com"]
[Date "2015.03.15"]
[Round "1"]
[White "Mrbabu"]
[Black "Samael"]
[WhiteElo "1970"]
[BlackElo "2090"]
[Result "1/2-1/2"]
[Round "1"]
1.e4 e5
2.Ng1f3 d6
3.h3 Ng8f6
4.Nb1c3 Nb8c6
5.Bf1b5 Bc8d7
6.O-O Bf8e7
7.d3 O-O
8.Bc1g5 h6
9.Bg5xf6 Be7xf6
10.Nc3d5 a6
11.Bb5a4 Nc6d4
12.Nf3xd4 Bd7xa4
13.Nd5xf6 Qd8xf6
14.Nd4e2 Ba4d7
15.f4 Qf6e7
16.f5 f6
17.c4 c5
18.g4 b5
19.b3 b4
20.a3 a5
21.axb4 axb4
22.Qd1c2 Bd7c6
23.Qc2b2 Qe7b7
24.Ra1xa8 Rf8xa8
25.Rf1a1 Kf7
26.Kf2 Ke7
27.Ke3 Ra8a6
28.Ne2c1 Qb7a7
29.Ra1xa6 Qa7xa6
30.Qb2a2 Qa6xa2
31.Nc1xa2 Bc6e8
32.h4 g6
33.fxg6 Be8xg6
34.h5 Bg6f7
35.Kf3 Bf7e6
36.Kg3 Kf7
37.Na2c1 Kg7
38.Nc1e2 { draw }
1/2-1/2

[Event "Tourn. n8023"]
[Site "www.chess-mail.com"]
[Date "2015.03.15"]
[Round "1"]
[White "Krasin"]
[Black "Amu92"]
[WhiteElo "2230"]
[BlackElo "2140"]
[Result "1-0"]
[Round "1"]
1.e4 c5
2.c3 d5
3.exd5 Qd8xd5
4.d4 Ng8f6
5.Ng1f3 g6
6.Nb1a3 cxd4
7.Na3b5 Nb8a6
8.Nb5xd4 Bf8g7
9.Bf1xa6 bxa6
10.O-O O-O
11.h3 Rf8e8
12.Bc1e3 a5
13.Qd1b3 Bc8a6
14.Rf1e1 Ra8b8
15.Qb3xd5 Nf6xd5
16.Be3c1 a4
17.a3  { time }
1-0